000 00427 a2200169 4500
001 066688
003 OSt
005 20211006110320.0
008
082 _a621.384
_bB31W
100 1 _aBates, Regis J.
245 1 _aWireless boradband handbook
_cby Regis J. Bates
260 _aNew Delhi
_bMcgraw Hill
_c2001
300 _a397p.
690 _aWireless; Computer Science
942 _2ddc
_cBK
999 _c703
_d703